000 01356nam a22002297a 4500
999 _c57226
_d57226
003 Ge_BSU
005 20200121162952.0
008 200121s2009 ||||| |||| 00| 0 geo d
020 _a9789941904912
041 _ageo
080 _a271.22-726.1(479.22) ვ-21
100 _aვარდოსანიძე, სერგო
_96282
245 _aსრულიად საქართველოს კათოლიკოს-პატრიარქი უწმიდესი და უნეტარესი ქრისტეფორე III (1927-1932 წ.წ.) /
_cსერგო ვარდოსანიძე ; რედ. ელდარ ბუბულაშვილი.
264 _aთბილისი :
_bნათლისმცემელი,
_c2009.
300 _a180 გვ. :
_bფოტ. ;
_c20 სმ.
504 _aბიბლიოგრ.: გვ. 174-177.
546 _aრეზ. რუს.
653 _aრელიგია
653 _a:ქრისტეფორე III (ციცქიშვილი ქ.; კათოლიკოს-პატრიარქი), 1873-1932). საქართველოს კათოლიკოს-პატრიარქები.
700 _aბუბულაშვილი, ელდარ
_eრედაქტორი
_96283
942 _2udc
_cBK